[Event "15th European Team Championship 2005 - "]
[Site "?"]
[Date "2005.07.30"]
[Round "1.1"]
[White "Krivec, Jana"]
[Black "Galliamova, Alisa"]
[Result "0-1"]
[WhiteElo "2270"]
[BlackElo "2453"]
[PlyCount "120"]
[EventDate "2005.07.30"]

1. e4 c5 2. Nc3 Nc6 3. Bb5 Nd4 4. Bc4 e6 5. Nf3 Nf6 6. O-O a6 7. d3 b5 8. Bb3
Nxb3 9. axb3 b4 10. Ne2 Bb7 11. Ng3 Be7 12. e5 Nd5 13. Nd2 O-O 14. Nc4 Nb6 15.
Ne4 Nxc4 16. bxc4 Qc7 17. f4 f6 18. exf6 Bxf6 19. Nxf6+ Rxf6 20. b3 Raf8 21.
Qe2 e5 22. Bb2 Rg6 23. Rf2 Rxf4 24. Rxf4 Rxg2+ 25. Qxg2 Bxg2 26. Rf5 Bb7 27.
Raf1 h6 28. Bxe5 Qc6 29. Kf2 d6 30. Bg3 Qg2+ 31. Ke3 Qxc2 32. Bxd6 Bg2 33. R1f2
Qc1+ 34. Rd2 Bh3 35. Rff2 Qc3 36. Rf4 a5 37. Re4 Qc1 38. Rf4 a4 39. bxa4 b3 40.
Be5 Bf1 41. Rff2 Qe1+ 42. Kf3 Qxe5 43. Rxf1 Qh5+ 44. Ke3 Qh3+ 45. Rf3 Qe6+ 46.
Kf2 Qe5 47. d4 Qxh2+ 48. Ke1 Qh1+ 49. Ke2 Qg2+ 50. Rf2 Qe4+ 51. Kf1 cxd4 52. c5
d3 53. Kg1 Qg4+ 54. Kh2 Qh5+ 55. Kg2 Qg5+ 56. Kf3 Qxc5 57. Rxd3 Qf5+ 58. Ke3
Qe5+ 59. Kd2 Qb2+ 60. Ke3 Qc1+ 0-1

[Event "15th European Team Championship 2005 - "]
[Site "?"]
[Date "2005.07.30"]
[Round "1.2"]
[White "Igla, Bella"]
[Black "Dzagnidze, Nana"]
[Result "0-1"]
[WhiteElo "2299"]
[BlackElo "2438"]
[PlyCount "108"]
[EventDate "2005.07.30"]

1. d4 Nf6 2. c4 e6 3. Nc3 Bb4 4. Qc2 O-O 5. Bg5 d5 6. e3 h6 7. Bxf6 Qxf6 8. Nf3
c5 9. dxc5 Bxc3+ 10. Qxc3 Qxc3+ 11. bxc3 dxc4 12. Bxc4 Bd7 13. Ne5 Rc8 14. Rb1
Rc7 15. Ke2 Kf8 16. Rb2 Bc8 17. Rd1 Ke7 18. Rbd2 Nd7 19. Nxd7 Bxd7 20. Rb1 Bc8
21. Rb5 a6 22. Rb6 Rxc5 23. Bd3 Rxc3 24. Be4 Rc7 25. f4 Ra7 26. Rdb2 Bd7 27.
Kd2 Bb5 28. Rb4 Kd8 29. a4 Bd7 30. Bxb7 a5 31. Rb2 Bxa4 32. Be4 Bd7 33. Ra2 a4
34. Ra3 Ra5 35. Rb4 Rac5 36. Bd3 Rc1 37. Rb2 Rg1 38. Be4 Rcc1 39. Ke2 Rge1+ 40.
Kf2 Rf1+ 41. Kg3 Rfd1 42. Kf2 f5 43. Bf3 Rb1 44. Rxb1 Rxb1 45. Ke2 Kc7 46. Kd2
Kb6 47. Kc2 Rb4 48. Rd3 Kc7 49. Rc3+ Kd6 50. Rd3+ Ke7 51. Rc3 g5 52. g3 Bb5 53.
Rc7+ Kd6 54. Rb7 a3 0-1

[Event "15th European Team Championship 2005 - "]
[Site "?"]
[Date "2005.07.30"]
[Round "1.2"]
[White "Arakhamia-Grant, Ketevan"]
[Black "Tsifanskaya, Ludmila A"]
[Result "1-0"]
[WhiteElo "2423"]
[BlackElo "2190"]
[PlyCount "115"]
[EventDate "2005.07.30"]

1. e4 c5 2. Nf3 Nc6 3. d4 cxd4 4. Nxd4 e5 5. Nb5 a6 6. Nd6+ Bxd6 7. Qxd6 Qf6 8.
Qd1 Qg6 9. Nc3 Nge7 10. Be3 d5 11. Nxd5 Nxd5 12. Qxd5 Be6 13. Qd2 Qxe4 14. f3
Qb4 15. c3 Qe7 16. Qf2 f6 17. Be2 Qf7 18. b3 O-O 19. O-O Ne7 20. c4 Rfd8 21.
Rfd1 Ng6 22. Bb6 Rxd1+ 23. Rxd1 Nf4 24. Bf1 Qg6 25. Kh1 Bf5 26. Rd6 h5 27. Be3
Ne6 28. c5 Rd8 29. Qd2 Qe8 30. Bc4 Rxd6 31. Qxd6 Kh8 32. h3 Nd8 33. Bd5 Nc6 34.
Kg1 Qd8 35. Qxd8+ Nxd8 36. Kf2 Be6 37. Be4 Kg8 38. f4 exf4 39. Bxf4 Kf7 40. Ke3
Nc6 41. h4 a5 42. Kd2 a4 43. Kc3 axb3 44. axb3 Bc8 45. b4 Nd8 46. b5 Ne6 47.
Bd6 g5 48. hxg5 fxg5 49. Kb4 Kf6 50. Ka5 h4 51. Kb6 Nd4 52. Kc7 Bf5 53. Bxf5
Kxf5 54. b6 Ke6 55. Kxb7 g4 56. c6 Nf5 57. Bf4 g3 58. c7 1-0

[Event "15th European Team Championship 2005 - "]
[Site "?"]
[Date "2005.07.30"]
[Round "1.3"]
[White "Zhukova, Natalia"]
[Black "Cramling, Pia"]
[Result "1/2-1/2"]
[WhiteElo "2478"]
[BlackElo "2494"]
[PlyCount "88"]
[EventDate "2005.07.30"]

1. d4 d5 2. c4 c6 3. Nf3 Nf6 4. e3 Bg4 5. h3 Bxf3 6. Qxf3 e6 7. Nc3 Nbd7 8. Bd3
Bb4 9. O-O O-O 10. Qd1 Qe7 11. Qb3 Rab8 12. Bd2 dxc4 13. Bxc4 e5 14. Rad1 Bd6
15. dxe5 Nxe5 16. Be2 Rfd8 17. Bc1 Ned7 18. Qc2 Nc5 19. Bf3 a5 20. g3 Bc7 21.
b3 Na6 22. Bb2 Nd7 23. Be2 Nb4 24. Qb1 Nc5 25. Kg2 Be5 26. a3 Nba6 27. Ba1 b5
28. Bf3 b4 29. axb4 Nxb4 30. Ne4 Bxa1 31. Nxc5 Qxc5 32. Qxa1 Nd3 33. Qa4 Rd6
34. Ra1 Rb5 35. Qc4 Qb6 36. Rfd1 Ne5 37. Qe4 Rxd1 38. Bxd1 g6 39. Rc1 Rd5 40.
Bf3 Nxf3 41. Qxf3 Rc5 42. Rxc5 Qxc5 43. e4 Qd4 44. e5 Qxe5 1/2-1/2

[Event "15th European Team Championship 2005 - "]
[Site "?"]
[Date "2005.07.30"]
[Round "1.3"]
[White "Andersson, Christin"]
[Black "Vasilevich, Tatjana"]
[Result "0-1"]
[WhiteElo "2168"]
[BlackElo "2393"]
[PlyCount "136"]
[EventDate "2005.07.30"]

1. e4 d6 2. Nf3 Nf6 3. Nc3 c5 4. d4 cxd4 5. Nxd4 e6 6. Be2 Nc6 7. O-O Bd7 8.
Be3 Be7 9. Qd2 Nxd4 10. Bxd4 Bc6 11. Rfe1 e5 12. Be3 Nxe4 13. Nxe4 Bxe4 14. Qb4
Bc6 15. Qg4 O-O 16. Bh6 Bf6 17. Bd3 Re8 18. Re3 e4 19. Bc4 d5 20. Bb3 Qe7 21.
Rd1 Rad8 22. c3 g6 23. Qe2 Be5 24. f4 exf3 25. Qxf3 Qc7 26. Bxd5 Bxd5 27. Rxd5
Rxd5 28. Qxd5 Bxh2+ 29. Kh1 Rd8 30. Qe4 Rd1+ 31. Re1 Rxe1+ 32. Qxe1 Be5 33. Qe4
Qd6 34. Kg1 Qe7 35. Kf1 Qf6+ 36. Ke2 Qe7 37. Kd3 Qd7+ 38. Ke2 Bg7 39. Be3 Qb5+
40. Kd1 a6 41. Kc1 h5 42. Kc2 Kh7 43. Bf4 Qd7 44. g3 Bf6 45. Be3 Kg7 46. Bd2 g5
47. Qf3 Kg6 48. Qe3 Qe6 49. Qa7 Qe4+ 50. Kc1 Qf3 51. Qb8 Kg7 52. Qd6 Qh1+ 53.
Kc2 Qe4+ 54. Kc1 Kg6 55. Qc7 Qh1+ 56. Kc2 Qe4+ 57. Kc1 h4 58. gxh4 gxh4 59. Qh2
Qf3 60. Kc2 h3 61. Bf4 Qe4+ 62. Kb3 Qd5+ 63. Kc2 Qe4+ 64. Kb3 Qg2 65. Kc4 Kf5
66. Qxg2 hxg2 67. Be3 Ke4 68. Bg1 Bg5 0-1

[Event "15th European Team Championship 2005 - "]
[Site "?"]
[Date "2005.07.30"]
[Round "1.4"]
[White "Jackova, Jana"]
[Black "Radziewicz, Iweta"]
[Result "1/2-1/2"]
[WhiteElo "2386"]
[BlackElo "2447"]
[PlyCount "60"]
[EventDate "2005.07.30"]

1. e4 e6 2. d4 d5 3. Nc3 Bb4 4. e5 c5 5. a3 Bxc3+ 6. bxc3 Nc6 7. Qg4 g6 8. Nf3
Qa5 9. Bd2 c4 10. Be2 Bd7 11. Qf4 h6 12. h4 Rh7 13. h5 g5 14. Qe3 O-O-O 15. Nh2
f5 16. exf6 Nxf6 17. Ng4 Nxg4 18. Bxg4 e5 19. Bxd7+ Rdxd7 20. dxe5 Rhe7 21. O-O
Rxe5 22. Qf3 Rd8 23. Rae1 Rde8 24. Rxe5 Rxe5 25. Be3 Qc7 26. Bd4 Nxd4 27. cxd4
Re4 28. Qf5+ Qd7 29. Qf8+ Kc7 30. Qc5+ Kb8 1/2-1/2

[Event "15th European Team Championship 2005 - "]
[Site "?"]
[Date "2005.07.30"]
[Round "1.4"]
[White "Socko, Monika"]
[Black "Cedikova, Katerina"]
[Result "1-0"]
[WhiteElo "2465"]
[BlackElo "2262"]
[PlyCount "45"]
[EventDate "2005.07.30"]

1. d4 Nf6 2. c4 g6 3. Nc3 Bg7 4. e4 d6 5. f4 O-O 6. Nf3 e5 7. fxe5 dxe5 8. d5
Nbd7 9. Bd3 Nh5 10. O-O Nc5 11. Qc2 a5 12. Bg5 f6 13. Be3 Qe7 14. Qd2 f5 15.
exf5 gxf5 16. Bg5 Qd6 17. Nb5 Qb6 18. Qf2 Re8 19. Be3 Bf8 20. Nh4 Bg7 21. b3
Bd7 22. a4 f4 23. Bxh7+ 1-0

[Event "15th European Team Championship 2005 - "]
[Site "?"]
[Date "2005.07.30"]
[Round "1.4"]
[White "Sikorova, Olga"]
[Black "Dworakowska, Joanna"]
[Result "1-0"]
[WhiteElo "2232"]
[BlackElo "2401"]
[PlyCount "71"]
[EventDate "2005.07.30"]

1. e4 c5 2. Nf3 d6 3. Bb5+ Nd7 4. O-O Ngf6 5. Re1 a6 6. Bxd7+ Nxd7 7. b3 e5 8.
Bb2 g6 9. c3 Bg7 10. d4 O-O 11. dxc5 Nxc5 12. Na3 b5 13. c4 b4 14. Nc2 Rb8 15.
Qd2 Bb7 16. Nxb4 Nxe4 17. Qe2 Nc5 18. Nd5 Ne6 19. Rad1 f5 20. Nxe5 Bxd5 21.
Rxd5 Nf4 22. Qf3 dxe5 23. Rxd8 Rbxd8 24. Ba3 Rf7 25. Qc6 Rfd7 26. g3 Rd1 27.
Kf1 Rxe1+ 28. Kxe1 Nd3+ 29. Ke2 e4 30. Qe6+ Kh8 31. c5 Bc3 32. Qe7 Ba5 33. c6
f4 34. c7 f3+ 35. Ke3 Rc8 36. Qf6+ 1-0

[Event "15th European Team Championship 2005 - "]
[Site "?"]
[Date "2005.07.30"]
[Round "1.4"]
[White "Zielinska, Marta"]
[Black "Pertlova, Sona"]
[Result "1-0"]
[WhiteElo "2410"]
[BlackElo "2086"]
[PlyCount "103"]
[EventDate "2005.07.30"]

1. b3 c5 2. Bb2 Nf6 3. f4 g6 4. e4 Bg7 5. Nf3 O-O 6. d3 Nc6 7. g3 Rb8 8. Bg2 b5
9. Qe2 d6 10. Nbd2 Nb4 11. Nb1 d5 12. e5 Ng4 13. a3 Nc6 14. h3 Nh6 15. g4 f6
16. Nbd2 Qc7 17. O-O fxe5 18. Nxe5 Nxe5 19. Bxe5 Bxe5 20. Qxe5 Qxe5 21. fxe5
Be6 22. Rxf8+ Kxf8 23. Nf3 Nf7 24. b4 Rc8 25. bxc5 Rxc5 26. Nd4 Nd8 27. a4 b4
28. Rb1 a5 29. Nb3 Rxc2 30. Nxa5 Rc5 31. Nb3 Rc3 32. Nd4 Rxd3 33. Rxb4 Ke8 34.
a5 Kd7 35. a6 Ra3 36. Bf1 Ra1 37. Rb8 Bf7 38. a7 Rxa7 39. Rxd8+ Kxd8 40. Nc6+
Kd7 41. Nxa7 Ke6 42. Nc6 Be8 43. Bb5 Bxc6 44. Bxc6 Kxe5 45. Kf2 Kd4 46. g5 Ke5
47. Kf3 Kf5 48. h4 e6 49. Bb5 Ke5 50. Bd3 Kd6 51. h5 e5 52. Bxg6 1-0

[Event "15th European Team Championship 2005 - "]
[Site "?"]
[Date "2005.07.30"]
[Round "1.5"]
[White "Gara, Anita"]
[Black "Richards, Heather"]
[Result "1/2-1/2"]
[WhiteElo "2372"]
[BlackElo "2150"]
[PlyCount "100"]
[EventDate "2005.07.30"]

1. e4 e6 2. d4 d5 3. e5 c5 4. c3 Nc6 5. Nf3 Bd7 6. Be2 Nge7 7. h4 cxd4 8. cxd4
f6 9. exf6 gxf6 10. Nc3 Rg8 11. Kf1 Nf5 12. Bd3 Ncxd4 13. Nxd4 Nxd4 14. Bxh7
Rg7 15. Bd3 Bc5 16. h5 Qe7 17. h6 Rg8 18. Qh5+ Kd8 19. h7 Rh8 20. Be3 Bc6 21.
Rh4 e5 22. Rg4 e4 23. Nxd5 Qxh7 24. Qxh7 Rxh7 25. Rg8+ Kd7 26. Nxf6+ Kc7 27.
Bxd4 Rxg8 28. Be5+ Kb6 29. Nxh7 exd3 30. g3 Rg6 31. Bf4 Be7 32. Be3+ Kc7 33. f4
Rxg3 34. Bf2 Rg4 35. Ng5 Kc8 36. Be3 Rh4 37. Rc1 Rh2 38. Nf3 Rxb2 39. Nd4 Rxa2
40. Nxc6 bxc6 41. Rxc6+ Kb7 42. Rc3 Ra1+ 43. Kf2 Rd1 44. Rb3+ Kc6 45. Bxa7 Kd5
46. Rb7 Bd6 47. f5 Ra1 48. Ke3 Rxa7 49. Rxa7 Bc5+ 50. Kxd3 Bxa7 1/2-1/2

[Event "15th European Team Championship 2005 - "]
[Site "?"]
[Date "2005.07.30"]
[Round "1.5"]
[White "Madl, Ildiko"]
[Black "Houska, Jovanka"]
[Result "1/2-1/2"]
[WhiteElo "2382"]
[BlackElo "2342"]
[PlyCount "51"]
[EventDate "2005.07.30"]

1. e4 c6 2. d4 d5 3. Nd2 dxe4 4. Nxe4 Bf5 5. Ng3 Bg6 6. h4 h6 7. Nf3 Nd7 8. h5
Bh7 9. Bd3 Bxd3 10. Qxd3 e6 11. Bf4 Ngf6 12. O-O-O Nd5 13. Bd2 Nb4 14. Bxb4
Bxb4 15. Ne4 Qe7 16. Kb1 O-O-O 17. Qb3 Bd6 18. Rd3 Nf6 19. Nxd6+ Rxd6 20. Qa3
Kb8 21. Ne5 Rhd8 22. Nc4 R6d7 23. Ne5 Rd6 24. Nc4 R6d7 25. Ne5 Rd6 26. Nc4
1/2-1/2

[Event "15th European Team Championship 2005 - "]
[Site "?"]
[Date "2005.07.30"]
[Round "1.5"]
[White "Lalic, Susan"]
[Black "Medvegy, Nora"]
[Result "0-1"]
[WhiteElo "2362"]
[BlackElo "2387"]
[PlyCount "114"]
[EventDate "2005.07.30"]

1. e4 c5 2. Nc3 e6 3. g3 Nc6 4. Bg2 g6 5. d3 Bg7 6. Be3 d6 7. Qd2 Rb8 8. Nge2
Nd4 9. O-O Ne7 10. Rab1 O-O 11. b4 b6 12. bxc5 dxc5 13. a4 Nec6 14. Nb5 Nxe2+
15. Qxe2 a6 16. Na3 Bd7 17. Qd2 Qc7 18. Nc4 Ne5 19. Nxe5 Bxe5 20. f4 Bg7 21. f5
exf5 22. exf5 Bxf5 23. Bf4 Be5 24. Bh6 Rfe8 25. Rxf5 gxf5 26. Qg5+ Kh8 27. Qxf5
Qd6 28. Bd2 Qg6 29. Qf3 Re7 30. Kh1 Rbe8 31. Bh3 Qd6 32. Bf5 f6 33. Be4 Bd4 34.
c3 Be5 35. Qf5 Qe6 36. Qh5 Qd6 37. Bxh7 Rxh7 38. Qxe8+ Kg7 39. Bf4 Qxd3 40.
Qe7+ Kg6 41. Qe8+ Kg7 42. Qe7+ Kg6 43. Qe8+ Kf5 44. Qc8+ Rd7 45. Re1 Bxc3 46.
Rg1 Qd5+ 47. Rg2 Qd1+ 48. Rg1 Qd5+ 49. Rg2 Qe6 50. Rg1 Bd4 51. g4+ Kxf4 52.
Rf1+ Ke4 53. Rf5 Ke3 54. Kg2 Qe4+ 55. Kh3 Rh7+ 56. Rh5 Rxh5+ 57. gxh5 f5 0-1

[Event "15th European Team Championship 2005 - "]
[Site "?"]
[Date "2005.07.30"]
[Round "1.5"]
[White "Lauterbach, Ingrid"]
[Black "Lakos, Nikoletta"]
[Result "0-1"]
[WhiteElo "2156"]
[BlackElo "2313"]
[PlyCount "107"]
[EventDate "2005.07.30"]

1. e4 c5 2. Nf3 g6 3. g3 Bg7 4. Bg2 Nc6 5. O-O e5 6. d3 Nge7 7. c3 O-O 8. Ng5
d5 9. f4 dxe4 10. dxe4 Qxd1 11. Rxd1 Bg4 12. Re1 exf4 13. gxf4 Rad8 14. Be3 b6
15. Nd2 Bc8 16. a4 Ba6 17. Ngf3 Na5 18. Bf1 Bxf1 19. Kxf1 Rd3 20. Rab1 Rfd8 21.
Re2 Nec6 22. b4 Nb7 23. bxc5 Nxc5 24. Bxc5 bxc5 25. e5 Bh6 26. Kg2 Bxf4 27. Ne4
Kg7 28. e6 Rb8 29. Rxb8 Bxb8 30. Nfg5 fxe6 31. Nxe6+ Kh6 32. N6xc5 Rd5 33. Re3
Rh5 34. h3 Re5 35. Nd7 Re7 36. Nxb8 Nxb8 37. c4 Nd7 38. Kf2 Nb6 39. c5 Nxa4 40.
c6 Rc7 41. Ra3 Nb6 42. Nf6 Rxc6 43. Ng4+ Kg5 44. Rxa7 Rc2+ 45. Kg3 Rc3+ 46. Kg2
h5 47. Nf2 Rc2 48. Re7 Nc4 49. Re4 Nd6 50. h4+ Kf5 51. Re3 Ne4 52. Rf3+ Ke5 53.
Re3 Rxf2+ 54. Kh3 {Rest of game not readable} 0-1

[Event "15th European Team Championship 2005 - "]
[Site "?"]
[Date "2005.07.30"]
[Round "1.6"]
[White "Calzetta, Monica"]
[Black "Maric, Alisa"]
[Result "0-1"]
[WhiteElo "2282"]
[BlackElo "2415"]
[PlyCount "61"]
[EventDate "2005.07.30"]

1. e4 e6 2. d4 d5 3. Nd2 c5 4. Ngf3 cxd4 5. Nxd4 Nc6 6. Bb5 Bd7 7. Nxc6 Bxc6 8.
Bxc6+ bxc6 9. c4 Bc5 10. O-O Ne7 11. Qc2 Rc8 12. Nf3 O-O 13. b3 Qb6 14. Bb2
Rfd8 15. Rad1 Ng6 16. g3 Qa6 17. h4 h6 18. h5 Nf8 19. Ne5 Qb7 20. Qe2 Nh7 21.
Kh2 Bf8 22. f4 Nf6 23. f5 Nxe4 24. fxe6 fxe6 25. Rf7 Rc7 26. Rdf1 Ng5 27. R7f4
c5 28. cxd5 {unclear protocol} exd5 29. Rxf8+ Rxf8 30. Rxf8+ Kxf8 31. Ng6+ 0-1

[Event "15th European Team Championship 2005 - "]
[Site "?"]
[Date "2005.07.30"]
[Round "1.6"]
[White "Bojkovic, Natasa"]
[Black "Vega Gutierrez, Sabrina"]
[Result "1/2-1/2"]
[WhiteElo "2386"]
[BlackElo "2262"]
[PlyCount "222"]
[EventDate "2005.07.30"]

1. e4 c5 2. Nf3 Nc6 3. d4 cxd4 4. Nxd4 Nf6 5. Nc3 e5 6. Ndb5 d6 7. Bg5 a6 8.
Na3 b5 9. Bxf6 gxf6 10. Nd5 Bg7 11. c3 f5 12. Bd3 Ne7 13. Nxe7 Qxe7 14. Nc2 Qb7
15. f3 f4 16. g3 Bh6 17. Be2 Ke7 18. Qd3 Be6 19. Rd1 Rad8 20. Nb4 a5 21. Nd5+
Bxd5 22. Qxd5 Qxd5 23. Rxd5 b4 24. Kd1 bxc3 25. bxc3 a4 26. Kc2 a3 27. g4 Bg5
28. h4 Bf6 29. h5 Rb8 30. Bb5 Rhe8 31. Kb3 Ke6 32. Rhd1 Rb6 33. c4 Ra8 34. R5d3
Bh4 35. R1d2 h6 36. Re2 Rbb8 37. Red2 Rb6 38. Re2 Rbb8 39. Kb4 Be7 40. Kb3 Bh4
41. Kc2 Rb6 42. Rb3 Rb7 43. Rd2 Ra5 44. Rd5 Bd8 45. Rdd3 Rba7 46. c5 Bc7 47.
cxd6 Bxd6 48. Bc4+ Ke7 49. Rb6 Rc7 50. Kb3 Rd7 51. Bb5 Rd8 52. Rb7+ Kf6 53. Rb6
Ke7 54. Rd5 Raa8 55. Bc4 Ra7 56. Rdb5 Rdd7 57. Bd5 f6 58. Bc4 Rd8 59. Rd5 Rdd7
60. Bb5 Rd8 61. Rd3 Rc7 62. Bc4 Ra7 63. Bd5 Rc7 64. Bc4 Ra7 65. Bd5 Rc7 66. Rc3
Rxc3+ 67. Kxc3 Rd7 68. Kb3 Rd8 69. Ra6 Kf8 70. Ra7 Be7 71. Rc7 Rb8+ 72. Kc3 Rd8
73. Bb3 Rb8 74. Kc4 Rd8 75. Rb7 Rd4+ 76. Kc3 Rd8 77. Bd5 Rc8+ 78. Kd3 Rd8 79.
Kc3 Rc8+ 80. Bc4 Rd8 81. Bd5 Rc8+ 82. Kd3 Rd8 83. Rc7 Rb8 84. Bb3 Rd8+ 85. Kc3
Rb8 86. Rd7 Rc8+ 87. Bc4 Rd8 88. Rb7 Rc8 89. Kb3 Rd8 90. Bd5 Rc8 91. Be6 Rd8
92. Bd7 Kf7 93. Kc4 Ra8 94. Kd5 Rd8 95. Kc6 Kf8 96. Kc7 Kf7 97. Bc6 Kf8 98. Bd5
Kg7 99. Ra7 Kf8 100. Rb7 Kg7 101. Rb6 Kf8 102. Re6 Ke8 103. Bc6+ Kf7 104. Bd5
Ke8 105. Bc6+ Kf7 106. Bd5 Ke8 107. g5 fxg5 108. Rxh6 Rd7+ 109. Kc8 Rd8+ 110.
Kc7 Rd7+ 111. Kc8 Rd8+ 1/2-1/2

[Event "15th European Team Championship 2005 - "]
[Site "?"]
[Date "2005.07.30"]
[Round "1.6"]
[White "Chelushkina, Irina"]
[Black "Trujillo Delgado, Dafnae"]
[Result "0-1"]
[WhiteElo "2330"]
[BlackElo "2219"]
[PlyCount "74"]
[EventDate "2005.07.30"]

1. c4 c5 2. Nc3 Nc6 3. g3 g6 4. Bg2 Bg7 5. d3 Nf6 6. e4 d6 7. Nge2 O-O 8. Rb1
Rb8 9. O-O a6 10. a4 Ne8 11. Be3 Be6 12. h3 Nc7 13. f4 b5 14. axb5 axb5 15. f5
Bd7 16. b3 Ne5 17. g4 Na6 18. Nd5 Bc6 19. Nef4 Bxd5 20. Nxd5 Nc7 21. Qd2 Nxd5
22. exd5 Qd7 23. Be4 Rb7 24. b4 bxc4 25. bxc5 Rxb1 26. Rxb1 dxc5 27. Rc1 cxd3
28. Rxc5 Rc8 29. Qb4 Rxc5 30. Qxc5 h5 31. gxh5 gxf5 32. Bg2 Kh7 33. Qd4 Qc7 34.
Qf4 e6 35. Qg5 Qd6 36. h6 Bh8 37. Qf4 Kg6 {unreadable protocol} 0-1

[Event "15th European Team Championship 2005 - "]
[Site "?"]
[Date "2005.07.30"]
[Round "1.7"]
[White "Andriasian, Siranush"]
[Black "Macek, Vlasta"]
[Result "1/2-1/2"]
[WhiteElo "2280"]
[BlackElo "2211"]
[PlyCount "81"]
[EventDate "2005.07.30"]

1. e4 e6 2. d4 d5 3. Nd2 Nf6 4. e5 Nfd7 5. Bd3 c5 6. c3 Nc6 7. Ne2 cxd4 8. cxd4
a5 9. O-O a4 10. f4 g6 11. Nf3 Nb6 12. Nc3 Bd7 13. g4 Nb4 14. Bb1 Be7 15. a3
Na6 16. Ng5 Bc6 17. Qf3 Nc4 18. h4 Qb6 19. Ne2 Nc7 20. Qf2 h6 21. Nf3 Na5 22.
Bc2 Nb3 23. Rb1 Bb5 24. Be3 Qa6 25. Rfe1 Bc4 26. Nc1 Nxc1 27. Rexc1 b5 28. Nd2
Kd7 29. Kh2 h5 30. g5 Ra7 31. Nxc4 bxc4 32. Bd1 Nb5 33. Be2 Rc8 34. Qf1 Qb6 35.
Rd1 Rb7 36. Rbc1 Na7 37. Rb1 Nc6 38. Qf2 Na5 39. Bd2 Nb3 40. Bc3 Qa7 41. Rf1
1/2-1/2

[Event "15th European Team Championship 2005 - "]
[Site "?"]
[Date "2005.07.30"]
[Round "1.8"]
[White "Limontaite, Simona"]
[Black "Lallemand, Roza"]
[Result "0-1"]
[WhiteElo "2095"]
[BlackElo "2287"]
[PlyCount "104"]
[EventDate "2005.07.30"]

1. d4 Nf6 2. c4 c5 3. Nf3 cxd4 4. Nxd4 Nc6 5. Nc3 g6 6. e4 d6 7. Be2 Bg7 8. Be3
O-O 9. O-O Bd7 10. Rc1 a6 11. Nb3 Ne5 12. f3 b6 13. Qe1 Rc8 14. Nd2 Rb8 15. Nd5
b5 16. Nxf6+ Bxf6 17. c5 Nc6 18. cxd6 exd6 19. Nb3 Bxb2 20. Rd1 Qe7 21. Qd2 Ba3
22. Nd4 Bc5 23. Kh1 Nxd4 24. Bxd4 Bxd4 25. Qxd4 Be6 26. Bd3 Bxa2 27. Ra1 Qe6
28. f4 Bc4 29. Rxa6 Bxd3 30. Qxd3 Rfd8 31. f5 Qc4 32. Qf3 Ra8 33. Rxa8 Rxa8 34.
e5 Ra3 35. Qd1 Rd3 36. Qa1 gxf5 37. exd6 Qd4 38. Qb1 b4 39. d7 b3 40. Qc1 f4
41. Qc8+ Kg7 42. d8=Q Qxd8 43. Qg4+ Kh8 44. h3 b2 45. Rb1 Qf6 46. Qe2 Rb3 47.
Qc2 Rb6 48. Rf1 Rc6 49. Qb1 Ra6 50. Qc2 Ra1 51. Rb1 Rxb1+ 52. Qxb1 Qc3 0-1

[Event "15th European Team Championship 2005 - "]
[Site "?"]
[Date "2005.07.30"]
[Round "1.8"]
[White "Muller, Anne"]
[Black "Daulyte, Deimante"]
[Result "1-0"]
[WhiteElo "2169"]
[BlackElo "2195"]
[PlyCount "131"]
[EventDate "2005.07.30"]

1. e4 c5 2. Nf3 d6 3. d4 cxd4 4. Nxd4 Nf6 5. Nc3 g6 6. Be3 Bg7 7. f3 O-O 8. Qd2
Nc6 9. O-O-O d5 10. Nxc6 bxc6 11. exd5 Nxd5 12. Nxd5 cxd5 13. Qxd5 Qc7 14. Qc5
Qb7 15. Qa3 Bf5 16. Bd3 Rab8 17. b3 Qc7 18. Qc5 Qb7 19. Bxf5 gxf5 20. Bd4 Qa6
21. Bxg7 Kxg7 22. Qxf5 Qxa2 23. Qg4+ Kh8 24. Qd4+ f6 25. Qb2 Qa5 26. Kb1 Qb5
27. Rhe1 Rb7 28. Rd3 a5 29. Qa3 Re8 30. Re4 Qh5 31. Qa4 Rc8 32. Rc4 Rg8 33. Rh4
Qf5 34. Qc6 Rgb8 35. Qe4 Qxe4 36. Rxe4 Kg7 37. Rd5 Ra8 38. Ra4 Rba7 39. Kb2 Kf7
40. c4 e6 41. Rd1 h5 42. Kc3 Rg8 43. Rd2 Kg6 44. Rda2 Rga8 45. c5 Kf5 46. Kc4
Rg7 47. g3 h4 48. Rxa5 Rd8 49. Ra7 Rgg8 50. b4 hxg3 51. hxg3 Rxg3 52. R2a3 Rh3
53. Rc3 Rh4+ 54. Kb3 Rb8 55. Ra4 Ke5 56. c6 Kd6 57. c7 Rc8 58. Ra6+ Kd7 59.
Rac6 Rh5 60. R6c4 Rd5 61. Rc2 e5 62. R2c3 f5 63. Rh4 f4 64. Rh7+ Kd6 65. Kc4
Ra8 66. Rh6+ 1-0

[Event "15th European Team Championship 2005 - "]
[Site "?"]
[Date "2005.07.30"]
[Round "1.9"]
[White "Wilson, Alexandra"]
[Black "Nill, Jessica"]
[Result "0-1"]
[WhiteElo "2056"]
[BlackElo "2323"]
[PlyCount "106"]
[EventDate "2005.07.30"]

1. e4 c5 2. Nf3 e6 3. c3 Nf6 4. e5 Nd5 5. d4 cxd4 6. cxd4 d6 7. a3 Bd7 8. Bd3
Bc6 9. O-O Be7 10. b4 a6 11. Re1 Nd7 12. Qb3 dxe5 13. dxe5 O-O 14. Nbd2 Nf4 15.
Be4 Ng6 16. Bb2 Qb8 17. Nc4 Bxe4 18. Rxe4 b5 19. Na5 Bd8 20. Rd1 Bxa5 21. Rxd7
Bb6 22. Ng5 Ra7 23. Rd3 h6 24. Nf3 Rc7 25. Rg4 Qa7 26. Bd4 Rc1+ 27. Rd1 Rxd1+
28. Qxd1 Rd8 29. Qa1 Bxd4 30. Nxd4 Qb6 31. Nf3 Rd5 32. h4 Qd8 33. Qc3 Rd3 34.
Qb2 h5 35. Re4 Qd5 36. Qe2 Ne7 37. Ng5 g6 38. Qc2 Nc6 39. Re1 Nxe5 40. Qc8+ Kg7
41. Qc7 Nd7 42. Qd8 Rd1 43. Rxd1 Qxd1+ 44. Kh2 Qd5 45. Qe7 e5 46. f3 Nf6 47.
Qa7 Qc4 48. Qxa6 Qxh4+ 49. Nh3 g5 50. g3 Qd4 51. Qxb5 g4 52. Ng1 Qf2+ 53. Kh1
gxf3 0-1

[Event "15th European Team Championship 2005 - "]
[Site "?"]
[Date "2005.07.30"]
[Round "1.9"]
[White "Trabert, Bettina"]
[Black "Roelli, Corinne"]
[Result "1-0"]
[WhiteElo "2291"]
[BlackElo "2001"]
[PlyCount "45"]
[EventDate "2005.07.30"]

1. e4 c5 2. Nf3 e6 3. d4 cxd4 4. Nxd4 a6 5. Bd3 Nf6 6. O-O Qc7 7. Qe2 d6 8. c4
Nc6 9. Nxc6 bxc6 10. f4 d5 11. e5 Nd7 12. Nc3 Bc5+ 13. Kh1 O-O 14. Bd2 g6 15.
Rac1 Qb8 16. cxd5 cxd5 17. Na4 Be7 18. Be3 f6 19. exf6 Bxf6 20. b3 Qd6 21. Rc2
e5 22. fxe5 Nxe5 23. Bc5 1-0

[Event "15th European Team Championship 2005 - "]
[Site "?"]
[Date "2005.07.30"]
[Round "1.9"]
[White "Svendsen, Hannelore"]
[Black "Mietzner, Tina"]
[Result "0-1"]
[WhiteElo "1775"]
[BlackElo "2286"]
[PlyCount "80"]
[EventDate "2005.07.30"]

1. Nf3 d5 2. d4 c6 3. g3 Nf6 4. Bg2 Bf5 5. Nbd2 e6 6. O-O Be7 7. c4 Nbd7 8. b3
Ne4 9. Bb2 h5 10. h4 Rg8 11. e3 g5 12. hxg5 Nxg5 13. Nxg5 Rxg5 14. e4 dxe4 15.
Nxe4 Bxe4 16. Bxe4 h4 17. Qf3 Nf6 18. Rae1 hxg3 19. d5 gxf2+ 20. Kxf2 cxd5 21.
cxd5 Nxe4+ 22. Qxe4 Qxd5 23. Qxd5 Rxd5 24. Re2 Rad8 25. Rh1 Bc5+ 26. Kf3 Bd4
27. Ba3 Bc5 28. Bb2 Rd2 29. Rh8+ Ke7 30. Rxd8 Rxd8 31. Rc2 Bb6 32. b4 Rd7 33.
a4 Bd4 34. Ba3 e5 35. Rh2 Bg1 36. Ra2 f5 37. Kg2 Be3 38. Re2 f4 39. Bb2 Ke6 40.
Kf3 Kf5 0-1

[Event "15th European Team Championship 2005 - "]
[Site "?"]
[Date "2005.07.30"]
[Round "1.10"]
[White "Ptacnikova, Lenka"]
[Black "Peptan, Corina-Isabela"]
[Result "1/2-1/2"]
[WhiteElo "2204"]
[BlackElo "2411"]
[PlyCount "45"]
[EventDate "2005.07.30"]

1. c4 c5 2. g3 g6 3. Bg2 Bg7 4. Nc3 Nc6 5. a3 b6 6. b4 Bb7 7. Rb1 Qc8 8. bxc5
bxc5 9. Ne4 Nd8 10. Qb3 Bc6 11. Bb2 Kf8 12. Bxg7+ Kxg7 13. Qb2+ Nf6 14. Nxf6
exf6 15. Nf3 Re8 16. h4 h5 17. d3 Ne6 18. O-O Qc7 19. e3 Rab8 20. Qc3 Qd6 21.
Nd2 Bxg2 22. Kxg2 Qe5 23. Qxe5 1/2-1/2

[Event "15th European Team Championship 2005 - "]
[Site "?"]
[Date "2005.07.30"]
[Round "1.10"]
[White "Gretarsdottir, Lilja"]
[Black "Bogza, Adina-Maria"]
[Result "0-1"]
[WhiteElo "2046"]
[BlackElo "2325"]
[PlyCount "56"]
[EventDate "2005.07.30"]

1. e4 g6 2. d4 Bg7 3. Nc3 c6 4. f4 d5 5. e5 Nh6 6. Nf3 Bg4 7. Be2 f6 8. Be3 O-O
9. O-O Bxf3 10. Bxf3 e6 11. Qd2 c5 12. Nb5 Nf5 13. exf6 Bxf6 14. dxc5 Nc6 15.
c3 Qa5 16. Na3 d4 17. Bxc6 dxe3 18. Qd7 bxc6 19. Qxe6+ Kh8 20. Qxc6 Rac8 21.
Qe4 Qxc5 22. Kh1 Rfe8 23. Qa4 e2 24. Rfe1 Qf2 25. Nc2 Re6 26. Qd7 Rce8 27. Qd2
Ra6 28. Qc1 Nh4 0-1